A escola participativa o trabalho do gestor escolar
Furkejuvvon:
| Váldodahkkit: | , , , |
|---|---|
| Materiálatiipa: | Girji |
| Giella: | portugalágiella |
| Almmustuhtton: |
Río de Janeiro
D P and A
1998
|
| Fáttát: | |
| Fáddágilkorat: |
Lasit fáddágilkoriid
Eai fáddágilkorat, Lasit vuosttaš fáddágilkora!
|
MARC
| LEADER | 00000nam a2200000 a 4500 | ||
|---|---|---|---|
| 001 | UCP2400 | ||
| 003 | CL-VaPUC | ||
| 008 | 990514e19980000BL |||||||||||||||||por|d | ||
| 082 | 0 | 4 | |a 371.2 |b LUC |2 21 |
| 100 | |a Luck, Heloisa |e autora |9 429125 | ||
| 700 | 0 | |a Siqueira de Fritas, Katia |e author |9 429126 | |
| 700 | 0 | |a Girling, Robert |e author |9 429127 | |
| 700 | 0 | |a Keith, Sherry |e author |9 429128 | |
| 245 | 1 | 2 | |a A escola participativa o trabalho do gestor escolar |
| 300 | |a 166 p | ||
| 942 | |c BK | ||
| 945 | |d 19990514 00:00:00 |a rbrito | ||
| 260 | |a Río de Janeiro |b D P and A |c 1998 | ||
| 650 | 0 | |a Democratización de la educación |9 307986 | |
| 650 | 0 | |a Administración de la enseñanza |9 261034 | |
| 650 | 0 | |a Gestión educacional |9 261035 | |
| 650 | 0 | |a Planificación de la educación |9 307333 | |
| 583 | |a last modification |c 20170427 01:45:19 |k Rodrigo Vera | ||
| 999 | |c 280935 |d 280933 | ||
| 952 | |0 0 |1 0 |4 0 |6 371_200000000000000_LUC_1998 |7 0 |8 A |9 321483 |a BIBEDU |b BIBEDU |d 2019-11-20 |i 3517403 |o 371.2 LUC 1998 |p 3517403 |r 2019-11-20 |w 2019-11-20 |y BK |k BME | ||